| 000 | 00470nam a2200193Ia 4500 | ||
|---|---|---|---|
| 005 | 20240823015100.0 | ||
| 008 | 240823s9999||||xx |||||||||||||| ||und|| | ||
| 020 | _a81-297-2243-6 | ||
| 041 | _aENGLISH | ||
| 082 | _A006.32 P4 | ||
| 100 | _aJang J S R | ||
| 245 | 0 | _aNeuro-Fuzzy and Soft Computing | |
| 250 | _a1st | ||
| 260 |
_c2004 _b"PHI,New " _aNew Delhi |
||
| 500 | _aTRANSFERED | ||
| 650 |
_aNeural _bComputer Applications |
||
| 942 | _cBK | ||
| 999 |
_c171597 _d171597 |
||